000 00359nam a2200157Ia 4500
003 Ost
005 20260225132548.0
008 260225s9999||||xx |||||||||||||| ||und||
040 _cfsic
041 _afre
082 _a440
100 _aJ leclant
_eAuteur
245 0 _aCulture des chasseurs du Nil et du Sahara /
245 0 _cJ leclant
942 _cكتاب
999 _c33993
_d33993